Регионална библиотека "Любен Каравелов" - Русе

Разказвачът. Животът на Роалд Дал (Запис номер 325652)

MARC детайли
000 -Лидер
Контролно поле с фиксирана дължина 01229nam a2200301 a 4500
003 - Код на организацията, давaща контролен номер
Контролно поле BLK
005 - Дата и час на последна редакция
Контролно поле 20250107172712.0
008 - Елементи от данни с фиксирана дължина
fixed length control field 181023b bu ||||| |||| 00| 0 bu d
020 ## - Международен стандартен номер на книга ISBN
Международен стандартен номер на книга ISBN 978-619-164-257-1
040 ## - Източник на каталожния запис
Идентификатор на билиотеката - собственик на записа BLK
041 ## - Код за език
Код за езика на текст/звукозапис или на отделно заглавие Български
Код за езика КДБФ Български
080 ## - УДК
Текстов определител УДК Английска литература
УДК код - определител по УДК 821.111
УДК определител -9
УДК - код + определител 821.111-9
080 ## - УДК
Текстов определител УДК Уелски писател-хуморист от норвежки произход
УДК код - определител по УДК 929 Дал, Роалд
УДК - код + определител 929 Дал, Роалд
100 ## - Редна дума - Автор
Автор Стърок, Доналд
Авторска отговорност първи автор
R(LIN) 1299
139 ## - Редно поле
Редна дума Стърок, Доналд
Авторски знак Сту - С 88
245 ## - Сведения за заглавието
Заглавие Разказвачът. Животът на Роалд Дал
Редно поле (дума) Доналд Стърок ; прев. от англ. Мариана Христова
260 ## - Област на издателските данни
9 (RLIN) 215899
Място на издаване, разпространение и проч. София
Име на издателя, разпространителя и проч. Enthusiast
Година на издаване 2017
300 ## - Физическа характеристика
Страници 570 с.
Размери/Мащаб 24 см
380 ## - Жанр
Жанр Худож. лит.
500 ## - Общи забележки
Забележка Ориг. загл.: Storyteller / Donald Sturrock.
504 ## - Забележка за наличие на библиография и др
Забележка за наличие на библиография и под. Библиогр.: с. 561-569.
600 #0 - Име на лице, използвано като предмет
9 (RLIN) 370919
За него / За нея Дал, Роалд
653 #7 - Ключова дума – ненормативна
9 (RLIN) 181990
Ключова дума биографии
700 ## - Други автори (авторска отговорност)
Лично име Христова, Мариана Тошкова
Дати, свързани с автора 1981-
9 (RLIN) 381272
852 ## - Местоположение
Форматна сигнатура Цб 291099
Фондова буква Хранилище
999 ## - СИСТЕМНИ КОНТРОЛНИ НОМЕРА
Koha biblionumber 325652
Koha biblioitemnumber 325652
942 ## - АРТИКУЛИ
Източник на класификационната схема Universal Decimal Classification
Вид на библиотечния материал Книги
Скрит в OPAC Не
Периодичен библиозапис Да
Koha issues (borrowed), all copies 2
944 ## - СЪЗДАВАНЕ И РЕДАКЦИЯ на ЗАПИСА
Служител, извършил регистрацията/редакцията 30530
Статус, дата на статуса Минев Младен
Наличности
Код за отписване Код за изгубен артикул Източник на класификационната схема Код за повреда Коз за рестрикции Код за отдаване Артикулен № Име на библиотеката - собственик Име на библиотеката, в която се намира в момента Статус (Текущо местоположение) Дата на вписване в системата Местоположение - отдел Цена в лева Инвентарен номер Систематично азбучна сигнатура Баркод Цена в евро Служебен тип на артикула
  Не е изгубен Universal Decimal Classification Не е повреден без рестрикции ползва се в читалня 681762 Регионална библиотека "Любен Каравелов" Русе Регионална библиотека "Любен Каравелов" Русе Хранилище 2018-10-31 Хранилище 22.00 120000824511 Цб 291099 120000824511 11.25 Книги
  Не е изгубен Universal Decimal Classification Не е повреден без рестрикции заемане за дома 906473 Регионална библиотека "Любен Каравелов" Русе Регионална библиотека "Любен Каравелов" Русе Заемна - подръчен фонд 2022-10-05 Заемна - подръчен фонд 22.00   821-9/С 88 Д 120000877953 11.25 Книги
Vip Innovations Ltd, Rousse, Bulgaria 2025